000
00327pab a2200145 454500
008
180718b1995 xxu||||| |||| 00| 0 eng d
100
_a
Sahay, S.
245
_a
Not CEC's jagir
260
_c
1995
300
_a
p.12
362
_a
11 Jul
650
_a
Election officials - India
773
_a
Hindustan Times
909
_a
29866
999
_c
29866
_d
29866